000 00495nam a2200193Ia 4500
005 20250923145842.0
008 008 250917s9999 xx 000 0 eng d
037 _aTextual
040 _aDSWL
_beng
_cDSWL
041 _aeng
_2eng
084 _aQ.2, N91
_qDSWL
245 0 _aReligion in India
_cEd. by T.N. Madan
260 _aDelhi
_bOxford
_c1991
300 _axv,448p.
365 _aINR
_b400.00
925 _g400.00
942 _cTEXL
_hQ.2, N91
999 _c1456504
_d1456504